Score 0/10 Timer 02:30
0 Plays Today
Hint Answer % Correct
Golden Retriever
100%
German Shepherd
90%
Labrador Retriever
80%
Bulldog
80%
Beagle
70%
Poodle
70%
Rottweiler
70%
Yorkshire Terrier
70%
German Shorthaired Pointer
40%
French Bulldog
30%
Remove Ads.
Support Sporcle.
Get the best of Sporcle when you Go Orange. This ad-free experience offers more features, more stats, and more fun while also helping to support Sporcle. Thank you for becoming a member.

You're not logged in!

Compare scores with friends on all Sporcle quizzes.
OR
Log In

Sporcle TV

Today on Sporcle TV


Watch our educational content, quiz creation guides, and fun videos on Sporcle TV.

Show Comments

Extras

Created May 12, 2020ReportNominate
Tags:dog, Dog Breeds

Top Quizzes Today


Score Distribution

Paid Content

Your Account Isn't Verified!

In order to create a playlist on Sporcle, you need to verify the email address you used during registration. Go to your Sporcle Settings to finish the process.

Report this User

Report this user for behavior that violates our Community Guidelines.

Details: